L'Afrique de l'avenir les tendances clés d'ici à 2025 /
Elmentve itt :
| Szerző: | |
|---|---|
| Testületi szerző: | |
| Dokumentumtípus: | Könyv része |
| Megjelent: |
2018
|
| Sorozat: | Cahiers du centre universitaire Francophone
10 L'Afrique: un continent sur la voie de l'integration 10 |
| Kulcsszavak: | Egyesülési mozgalom - Afrika, Gazdasági helyzet - Afrika, Afrikai Unió - nemzetközi jog |
| Tárgyszavak: | |
| Online Access: | http://acta.bibl.u-szeged.hu/63709 |
| LEADER | 00999naa a2200253 i 4500 | ||
|---|---|---|---|
| 001 | acta63709 | ||
| 005 | 20211206160223.0 | ||
| 008 | 200123s2018 hu o 0|| fre d | ||
| 020 | |a 978-963-306-595-2 | ||
| 022 | |a 2498-5120 | ||
| 040 | |a SZTE Egyetemi Kiadványok Repozitórium |b hun | ||
| 041 | |a fre | ||
| 100 | 1 | |a Kokko Laura | |
| 245 | 1 | 0 | |a L'Afrique de l'avenir |h [elektronikus dokumentum] : |b les tendances clés d'ici à 2025 / |c Kokko Laura |
| 260 | |c 2018 | ||
| 300 | |a 173-194 | ||
| 490 | 0 | |a Cahiers du centre universitaire Francophone |v 10 | |
| 490 | 0 | |a L'Afrique: un continent sur la voie de l'integration |v 10 | |
| 650 | 4 | |a Társadalomtudományok | |
| 650 | 4 | |a Jogtudomány | |
| 650 | 4 | |a Politikatudomány | |
| 695 | |a Egyesülési mozgalom - Afrika, Gazdasági helyzet - Afrika, Afrikai Unió - nemzetközi jog | ||
| 710 | |a L'Afrique: un continent sur la voie de l'integration (2017) (Szeged) | ||
| 856 | 4 | 0 | |u http://acta.bibl.u-szeged.hu/63709/1/010_francophone_173-194.pdf |z Dokumentum-elérés |